US States Quiz - Casual - Statistics

General Stats
  • This quiz has been taken 35 times
  • The average score is 48 of 50
Answers on the Map
Answers color-coded by a green-red scale on the quiz's map according to % correct below.
 
Answer Stats
State % Correct
Alabama
100%
Alaska
100%
Arizona
100%
California
100%
Florida
100%
Georgia
100%
Hawaii
100%
Kansas
100%
Kentucky
100%
Massachusetts
100%
Minnesota
100%
Mississippi
100%
Montana
100%
Nevada
100%
New Mexico
100%
New York
100%
North Carolina
100%
Ohio
100%
Pennsylvania
100%
South Carolina
100%
Tennessee
100%
Texas
100%
Virginia
100%
Washington
100%
Wyoming
100%
Arkansas
95%
Colorado
95%
Delaware
95%
Illinois
95%
Indiana
95%
Iowa
95%
Louisiana
95%
Maryland
95%
North Dakota
95%
Oregon
95%
Rhode Island
95%
South Dakota
95%
Utah
95%
West Virginia
95%
Connecticut
90%
Idaho
90%
Maine
90%
Michigan
90%
Nebraska
90%
New Hampshire
90%
New Jersey
90%
Oklahoma
90%
Vermont
90%
Wisconsin
90%
Missouri
85%
No matching quizzes found
Score Distribution
Percent of People with Each Score
Percentile by Number Answered
Your Score History
You have not taken this quiz